North American Leaders - Statistics

General Stats
  • This quiz has been taken 10 times
  • The average score is 2 of 23
Answer Stats
Country They Lead Type of Leader Leader % Correct
United States President Donald Trump
100%
Canada Prime Minister Justin Trudeau
75%
Mexico President Enrique Peña Nieto
13%
Guatemala President Jimmy Morales
13%
Honduras President Juan Orlando Hernández
13%
Saint Kitts and Nevis Prime Minister Timothy Harris
13%
Saint Lucia Prime Minister Allen Chastanet
0%
Jamaica Prime Minister Andrew Holness
0%
Costa Rica President Carlos Quesada
0%
Dominica President Charles Savarin
0%
Nicaragua President Daniel Ortega
0%
Dominican Republic President Danilo Medina
0%
Belize Prime Minister Dean Barrow
0%
Antigua and Barbuda Prime Minister Gaston Browne
0%
Bahamas Prime Minister Hubert Minnis
0%
Haiti President Jovenel Moïse
0%
Panama President Juan Carlos Varela
0%
Grenada Prime Minister Keith Mitchell
0%
Barbados Prime Minister Mia Mottley
0%
Cuba President Miguel Díaz-Canel
0%
Trinidad and Tobago President Paula-Mae Weekes
0%
Saint Vincent and the Grenadines Prime Minister Ralph Gonsalves
0%
El Salvador President Salvador Sánchez Cerén
0%
No matching quizzes found
Score Distribution
Percent of People with Each Score
Percentile by Number Answered
Your Score History
You have not taken this quiz